[Event "Hamburg St Pauli op-B"]
[Site "Hamburg"]
[Date "2011.07.14"]
[Round "7"]
[White "Giede, Anna Blume"]
[Black "Lingstaedt, Nils"]
[Result "0-1"]
[WhiteElo "1037"]
[BlackElo "1134"]
[PlyCount "74"]
[EventDate "2011.07.09"]
[EventType "swiss"]
[EventRounds "9"]
[EventCountry "GER"]
[SourceTitle "CBM 143 Extra"]
[Source "ChessBase"]
[SourceDate "2011.08.29"]
[SourceVersion "1"]
[SourceVersionDate "2011.08.29"]
[SourceQuality "1"]

1. e4 c6 2. d4 d5 3. Nd2 Nd7 4. f4 Nb6 5. b3 Nh6 6. h3 Qd6 7. e5 Qe6 8. Bd3 Nf5 9. Bxf5 Qxf5 10. Ndf3 a5 11. Ne2 h5 12. Ba3 h4 13. 0-0 Qg6 14. Kh2 Bf5 15. Rc1 a4 16. bxa4 Nc4 17. e6 f6 18. Qe1 Ne3 19. Rg1 Nxc2 20. Qf2 Nxa3 21. Nxh4 Qh7 22. Nxf5 Qxf5 23. Qe3 Nc4 24. Qb3 Qxe6 25. Nc3 Qc8 26. Ne2 g5 27. fxg5 Qc7+ 28. Kh1 fxg5 29. Qd3 g4 30. Qg6+ Kd8 31. Qxg4 Ne3 32. Qf3 Bh6 33. Rc3 Rf8 34. Qh5 Bf4 35. Nxf4 Qxf4 36. Rd3 Nf1 37. Qg6 Qh2# 0-1